Nemesio Antúnez 100 años: cuaderno pedagógico.
Uloženo v:
| Korporativní autor: | |
|---|---|
| Médium: | Kniha |
| Jazyk: | španělština |
| Vydáno: |
Santiago
Ministerio de la Cultura, las Artes y el Patrimonio
2018
|
| Vydání: | 1a. ed |
| Témata: | |
| Tagy: |
Přidat tag
Žádné tagy, Buďte první, kdo vytvoří štítek k tomuto záznamu!
|
MARC
| LEADER | 00000cam a2200000 a 4500 | ||
|---|---|---|---|
| 001 | UCC7544 | ||
| 003 | CL-VaPUC | ||
| 005 | 20220915094616.0 | ||
| 008 | 190409e20180000cl |||||||||||||||||spa|d | ||
| 999 | |c 374157 |d 374155 | ||
| 020 | |a 978-956-352-296-9 (papel) | ||
| 020 | |a 978-956-352-297-6 (pdf) | ||
| 040 | |c Pontificia Universidad Católica de Valparaíso | ||
| 082 | 0 | 4 | |a 759.983 MIN 2018 |2 21 |
| 110 | 2 | |a Ministerio de la Cultura, las Artes y el Patrimonio |e autor |9 602180 | |
| 245 | 1 | 0 | |a Nemesio Antúnez 100 años: cuaderno pedagógico. |
| 250 | |a 1a. ed | ||
| 260 | |a Santiago |b Ministerio de la Cultura, las Artes y el Patrimonio |c 2018 | ||
| 300 | |a 203 p | ||
| 583 | |a last modification |c 20190502 09:54:50 |k Rodrigo Vera | ||
| 600 | 0 | |a Antúnez, Nemesio, |d 1918-1993 |z Chile |x Arquitecto, pintor y grabador |9 492663 | |
| 650 | 0 | |a Pintores chilenos |9 345328 | |
| 650 | 0 | |a Estilos artísticos |9 340996 | |
| 650 | 0 | |a Pintura chilena |9 266171 | |
| 942 | |c BK |2 ddc | ||
| 945 | |d 20190409 14:28:00 |a dcastane | ||
| 952 | |0 0 |1 0 |3 erb |4 0 |6 759_983000000000000_MIN_2018 |7 0 |8 A |9 492580 |a BIBART |b BIBART |i 5542324 |l 1 |o 759.983 MIN 2018 |p 5542324 |r 2025-03-13 |s 2024-06-10 |w 2019-11-24 |y BK |z Catalogado en:20190409 |k ART | ||
| 952 | |0 0 |1 0 |3 erb |4 0 |6 759_983000000000000_MIN_2018 |7 0 |8 A |9 492582 |a BIBEDU |b BIBEDU |i 5542316 |o 759.983 MIN 2018 |p 5542316 |r 2019-11-24 |w 2019-11-24 |y BK |z Catalogado en:20190409 |k EPE | ||
| 952 | |0 0 |1 0 |3 erb |4 0 |6 759_983000000000000_MIN_2018 |7 0 |8 A |9 492583 |a BIBEDU |b BIBEDU |i 5542308 |o 759.983 MIN 2018 |p 5542308 |r 2019-11-24 |w 2019-11-24 |y BK |z Catalogado en:20190409 |k EPE | ||